[Event "Xtracon Chess Open 2017"]
[Site "Helsingor DEN"]
[Date "2017.07.23"]
[Round "3.78"]
[White "Sorensen, Bernhard W."]
[Black "Svane, Freja"]
[Result "0-1"]
[WhiteElo "1686"]
[BlackElo "1451"]
[WhiteFideId "1442074"]
[BlackFideId "12940100"]
[EventDate "2017.07.22"]

1. d4 d5 2. Bf4 Nf6 3. e3 Bf5 4. Bd3 Bxd3 5. Qxd3 e6 6. Nf3 Bd6 7. Bg3 Bxg3 8.
hxg3 Nbd7 9. Nbd2 Rb8 10. Ne5 h6 11. f3 c5 12. c3 c4 13. Qc2 Nxe5 14. dxe5 Nd7
15. f4 Nc5 16. Rd1 Nd3+ 17. Ke2 a5 18. b3 b5 19. bxc4 bxc4 20. Rb1 Ke7 21. Rxb8
Qxb8 22. Rb1 Qc7 23. Qa4 Ra8 24. Nf3 Nc5 25. Qa3 Kd7 26. Nd2 Qc6 27. Kf1 Kc7 28.
Nf3 Kd7 29. Nd4 Qc7 30. Nb5 Qb6 31. Ke2 Rb8 32. Qc1 Nb3 33. Qa3 Qxb5 34. Qd6+
Ke8 35. axb3 cxb3+ 36. Kd2 b2 37. Qa3 a4 38. Qd6 Rb6 39. Qa3 Qb3 40. Qc5 Rb8 41.
g4 a3 42. f5 Qc4 43. Qxa3 Qxg4 44. f6 Qxg2+ 45. Kd3 gxf6 46. exf6 Qg6+ 47. Kd2
Qxf6 48. Rg1 Qf2+ 0-1

[Event "Xtracon Chess Open 2017"]
[Site "Helsingor DEN"]
[Date "2017.07.23"]
[Round "3.79"]
[White "Nilsson, Patrik1"]
[Black "Stuhlmann, Alexander"]
[Result "1/2-1/2"]
[WhiteElo "2152"]
[BlackElo "1895"]
[WhiteFideId "1708171"]
[BlackFideId "12969788"]
[EventDate "2017.07.22"]

1. e4 d6 2. d4 Nf6 3. Nc3 e5 4. Nf3 exd4 5. Nxd4 Be7 6. Be2 O-O 7. Be3 Re8 8. h3
Bf8 9. Bf3 Nbd7 10. Qe2 c6 11. O-O-O Qc7 12. g4 Ne5 13. Bg2 b5 14. g5 Nfd7 15.
Kb1 a5 16. f4 Nc4 17. b3 Nxe3 18. Qxe3 b4 19. Na4 Ba6 20. Bf1 Bxf1 21. Rhxf1 d5
22. e5 Nc5 23. Nxc5 Bxc5 24. Ne6 fxe6 25. Qxc5 Rf8 26. f5 Rxf5 27. Rxf5 exf5 28.
Rxd5 Rd8 29. Rxd8+ Qxd8 30. Qa7 Qd2 31. Qe7 Qe1+ 1/2-1/2

[Event "Xtracon Chess Open 2017"]
[Site "Helsingor DEN"]
[Date "2017.07.23"]
[Round "3.80"]
[White "Larsen, Hans Haagen"]
[Black "Hviid, Hans Henrik"]
[Result "1-0"]
[WhiteElo "1627"]
[BlackElo "1263"]
[WhiteFideId "1409557"]
[BlackFideId "1425374"]
[EventDate "2017.07.22"]

1. e4 e5 2. Nf3 d6 3. Bc4 Nf6 4. d3 Bg4 5. Be3 Nc6 6. Nbd2 a6 7. c3 Na5 8. h3
Bxf3 9. Qxf3 Be7 10. g4 O-O 11. g5 Nd7 12. h4 b5 13. Bb3 c5 14. Bd5 Rc8 15. g6
hxg6 16. h5 Nf6 17. hxg6 Nxd5 18. gxf7+ Rxf7 19. Qh5 Rf6 20. exd5 Qe8 21. Ne4
Qxh5 22. Nxf6+ Bxf6 23. Rxh5 g6 24. Rh3 Kg7 25. O-O-O g5 26. Rdh1 Kg6 27. Rh7
Kf5 28. Ra7 c4 29. Rxa6 Nb7 30. Rb6 Nc5 31. dxc4 Nd3+ 32. Kc2 Rxc4 33. Rxb5 e4
34. Kb3 Rc8 35. a4 Nxb2 36. Kxb2 Rxc3 37. Ka2 Rc2+ 38. Ka3 Rc3+ 39. Rb3 Rc2 40.
a5 Rc7 41. Bb6 Rb7 42. a6 Rb8 43. a7 Ra8 44. Rh7 Ke5 45. Rb7 Kxd5 46. Rb8 Rxb8
47. axb8=Q Kc4 48. Be3 Be7 1-0

[Event "Xtracon Chess Open 2017"]
[Site "Helsingor DEN"]
[Date "2017.07.23"]
[Round "3.81"]
[White "Skjoldager, Flemming"]
[Black "Kemarsky, Alexander"]
[Result "1/2-1/2"]
[WhiteElo "1906"]
[BlackElo "2150"]
[WhiteFideId "1406515"]
[BlackFideId "2814196"]
[EventDate "2017.07.22"]

1. Nf3 Nf6 2. b3 d5 3. e3 g6 4. Bb2 Bg7 5. c4 c6 6. Be2 O-O 7. O-O Nbd7 8. cxd5
cxd5 9. d4 Ne4 10. Nbd2 f5 11. Ne5 Nxe5 12. dxe5 e6 13. f4 Bd7 14. Nxe4 fxe4 15.
Bd4 Qa5 16. Qe1 Qxe1 17. Rfxe1 Rfc8 18. Rec1 a5 19. a4 Bf8 20. Bb2 Bb4 21. Rxc8+
Rxc8 22. Rc1 Kf7 23. Rxc8 Bxc8 24. Bd4 Ke7 25. Kf2 Bd7 26. g4 Be8 27. g5 Kd7 28.
Bb5+ Ke7 29. Be2 1/2-1/2

[Event "Xtracon Chess Open 2017"]
[Site "Helsingor DEN"]
[Date "2017.07.23"]
[Round "3.82"]
[White "Klings, Peter"]
[Black "Sandberg, Martin"]
[Result "1-0"]
[WhiteElo "2146"]
[BlackElo "1893"]
[WhiteFideId "4631234"]
[BlackFideId "1707159"]
[EventDate "2017.07.22"]

1. g3 d5 2. Bg2 Nf6 3. Nf3 c6 4. O-O Bf5 5. d3 e6 6. Nbd2 Be7 7. Qe1 h6 8. e4
Bh7 9. Qe2 O-O 10. Rd1 c5 11. c4 Nc6 12. b3 Re8 13. Bb2 d4 14. h3 Nd7 15. a3 a5
16. Ne1 e5 17. Nc2 Qc7 18. Rab1 Nb6 19. Bc1 Kh8 20. Nf3 Nc8 21. a4 Nd6 22. Na3
Bf6 23. h4 Qd7 24. Kh2 Qe7 25. Rh1 Nd8 26. Kg1 Ne6 27. Bh3 Rad8 28. Bd2 b6 29.
Re1 Qf8 30. Rh2 g6 31. Bxe6 fxe6 32. g4 Bg7 33. Rh3 Re7 34. Kg2 Rf7 35. Reh1 Ne8
36. Ng5 Rf6 37. Nxh7 Kxh7 38. g5 Rf7 39. h5 gxh5 40. Rg3 Re7 41. Qxh5 1-0

[Event "Xtracon Chess Open 2017"]
[Site "Helsingor DEN"]
[Date "2017.07.23"]
[Round "3.83"]
[White "Stern, Geoffrey"]
[Black "Ivarsson, Torbjorn"]
[Result "1-0"]
[WhiteElo "1897"]
[BlackElo "2145"]
[WhiteFideId "4002679"]
[BlackFideId "1705865"]
[EventDate "2017.07.22"]

1. d4 e6 2. Nc3 d5 3. Nf3 Nf6 4. Bg5 Be7 5. Bxf6 Bxf6 6. e4 O-O 7. Qd2 c5 8.
dxc5 dxe4 9. Nxe4 Bxb2 10. Rb1 Bf6 11. Bd3 Nd7 12. O-O Be7 13. Qf4 f5 14. Neg5
Nxc5 15. Bc4 h6 16. Nh3 Qd6 17. Qe3 Bf6 18. Rbd1 Qc7 19. Nf4 Re8 20. Nd4 Kh8 21.
Nb5 Qb8 22. Nd6 Ne4 23. Nxe8 Bg5 24. Qd4 Nf6 25. Ng6+ Kh7 26. Nf8+ Kh8 27. Nd6
Ng4 28. Ng6+ Kh7 29. Ne5 Bf6 30. f4 b5 31. Bd3 Bb7 32. h3 Bd8 33. Nd7 1-0

[Event "Xtracon Chess Open 2017"]
[Site "Helsingor DEN"]
[Date "2017.07.23"]
[Round "3.84"]
[White "Trost, Edvin"]
[Black "Wahlund, Max"]
[Result "0-1"]
[WhiteElo "1887"]
[BlackElo "2142"]
[WhiteFideId "1729519"]
[BlackFideId "1741861"]
[EventDate "2017.07.22"]

1. e4 e5 2. Nf3 Nc6 3. Bb5 a6 4. Ba4 Nf6 5. O-O Be7 6. Re1 b5 7. Bb3 d6 8. h3
Na5 9. c3 Nxb3 10. axb3 c5 11. d4 exd4 12. cxd4 O-O 13. d5 Re8 14. Bf4 Bb7 15.
Nbd2 Bf8 16. Qc2 g6 17. Nf1 Nh5 18. Bg5 f6 19. Bd2 Qe7 20. g4 Ng7 21. Ng3 Rec8
22. Bc3 Ne8 23. Qd3 b4 24. Bd2 Nc7 25. Be3 a5 26. Nd2 Ba6 27. Nc4 Bxc4 28. Qxc4
Qd7 29. Ra4 Ra7 30. Rea1 Rca8 31. Kg2 Bg7 32. f4 Bh6 33. Kf3 Qe8 34. h4 Nb5 35.
g5 Bg7 36. R4a2 fxg5 37. hxg5 Bd4 38. Ne2 Bxe3 39. Kxe3 Qd7 40. Kd2 Nc7 41. Ra4
Ra6 42. Ke1 Qh3 43. Kf2 Qh2+ 44. Kf3 Qh5+ 45. Kg3 h6 46. gxh6 Qxh6 47. e5 Qh5
48. exd6 Rxd6 49. Rxa5 Re8 50. Ng1 g5 51. fxg5 Re3+ 52. Kf2 Qxg5 53. Nf3 Rf6 54.
Ra8+ Kg7 0-1

[Event "Xtracon Chess Open 2017"]
[Site "Helsingor DEN"]
[Date "2017.07.23"]
[Round "3.85"]
[White "Bogdanov, Dimitri"]
[Black "Moller, Arne Vang"]
[Result "1/2-1/2"]
[WhiteElo "2139"]
[BlackElo "1890"]
[WhiteFideId "1405829"]
[BlackFideId "1406175"]
[EventDate "2017.07.22"]

1. e4 c5 2. Nc3 d6 3. f4 e6 4. Nf3 a6 5. d3 Nc6 6. g3 g6 7. Bg2 Bg7 8. O-O Nge7
9. h3 O-O 10. Kh2 Qc7 11. g4 b5 12. Ne2 Bd7 13. d4 cxd4 14. Nexd4 Rac8 15. Rf2
Nxd4 16. Nxd4 Nc6 17. Be3 Rfd8 18. c3 e5 19. Nxc6 Bxc6 20. f5 f6 21. g5 Rf8 22.
Qb3+ Kh8 23. fxg6 hxg6 24. gxf6 Rxf6 25. Rxf6 Bxf6 26. Qe6 Kg7 27. Rf1 Rf8 28.
Rxf6 Rxf6 29. Bh6+ Kxh6 30. Qxf6 Kh7 31. h4 Bb7 32. Bf3 Bc6 33. Bg2 1/2-1/2

[Event "Xtracon Chess Open 2017"]
[Site "Helsingor DEN"]
[Date "2017.07.23"]
[Round "3.86"]
[White "Aasen, Kjetil Myrlid"]
[Black "Chittka, Julius"]
[Result "0-1"]
[WhiteElo "1881"]
[BlackElo "2137"]
[WhiteFideId "1539027"]
[BlackFideId "12954772"]
[EventDate "2017.07.22"]

1. e4 c5 2. d4 cxd4 3. c3 dxc3 4. Nxc3 Nc6 5. Nf3 d6 6. Bc4 e6 7. O-O Be7 8. Qe2
Nf6 9. Rd1 e5 10. Be3 Bg4 11. h3 Bh5 12. Rac1 O-O 13. a3 Rc8 14. b4 Kh8 15. Qa2
Bxf3 16. gxf3 Qd7 17. Kh2 Nd4 18. Bxd4 exd4 19. Rxd4 Nh5 20. Nd5 b5 21. Bxb5
Qxb5 22. Rxc8 Rxc8 23. a4 Qd7 24. b5 Qe6 25. Qd2 Bd8 26. f4 h6 27. f5 Qe5+ 28.
f4 Nxf4 0-1

[Event "Xtracon Chess Open 2017"]
[Site "Helsingor DEN"]
[Date "2017.07.23"]
[Round "3.87"]
[White "Sorensen, Hampus"]
[Black "Magnussen, Pal"]
[Result "1-0"]
[WhiteElo "2137"]
[BlackElo "1881"]
[WhiteFideId "8703884"]
[BlackFideId "1711814"]
[EventDate "2017.07.22"]

1. d4 Nf6 2. Bg5 e6 3. e4 Be7 4. e5 Nd5 5. Bxe7 Qxe7 6. c4 Nb6 7. Nc3 d5 8. c5
N6d7 9. f4 O-O 10. Nf3 f6 11. Bd3 h6 12. O-O Nc6 13. Rb1 fxe5 14. fxe5 a5 15. a3
b6 16. b4 axb4 17. axb4 bxc5 18. bxc5 Ba6 19. Bxa6 Rxa6 20. Nb5 Ra5 21. Kh1 Ra2
22. Ra1 Rfa8 23. Rxa2 Rxa2 24. Qb3 Ra5 25. h3 Qf7 26. Rb1 Nf8 27. Nc3 Qf4 28.
Nxd5 Qe4 29. Nxc7 Nxd4 30. Nxd4 Qxd4 31. Nxe6 1-0

[Event "Xtracon Chess Open 2017"]
[Site "Helsingor DEN"]
[Date "2017.07.23"]
[Round "3.88"]
[White "Jarlnaes, Erik"]
[Black "Laverton, Christian"]
[Result "1/2-1/2"]
[WhiteElo "1880"]
[BlackElo "2133"]
[WhiteFideId "1414623"]
[BlackFideId "1506846"]
[EventDate "2017.07.22"]

1. e4 c5 2. Nf3 e6 3. d4 cxd4 4. Nxd4 Nc6 5. Be3 Qc7 6. Bd3 a6 7. O-O Nf6 8. Qe2
Ne5 9. h3 Bc5 10. Nb3 Bxe3 11. Qxe3 O-O 12. N1d2 d6 13. f4 Ng6 14. Nc4 Bd7 15.
Qb6 Qxb6+ 16. Nxb6 Rad8 17. Na5 Be8 18. Rae1 e5 19. g3 exf4 20. gxf4 Nh5 21. Nd5
Bc6 22. f5 Ne5 23. Ne7+ Kh8 24. Nexc6 bxc6 25. Nc4 Rfe8 26. Nxe5 dxe5 27. Bxa6
Rd2 28. Re2 Red8 29. Rff2 Rd1+ 30. Kh2 Nf4 31. Re3 h5 32. Rxf4 exf4 33. Rd3 Rd2+
34. Kg1 Kg8 35. b3 Kf8 36. Bc4 Ke7 37. e5 R8xd3 1/2-1/2

[Event "Xtracon Chess Open 2017"]
[Site "Helsingor DEN"]
[Date "2017.07.23"]
[Round "3.89"]
[White "Christiansen, Jens Jorgen"]
[Black "Myrheim, Hakon Abeland"]
[Result "1/2-1/2"]
[WhiteElo "2131"]
[BlackElo "1880"]
[WhiteFideId "1401670"]
[BlackFideId "1526820"]
[EventDate "2017.07.22"]

1. d4 Nf6 2. Nf3 g6 3. g3 Bg7 4. Bg2 O-O 5. O-O d5 6. c4 dxc4 7. Na3 c3 8. bxc3
c5 9. Ne5 Nc6 10. Nxc6 bxc6 11. Nc4 Nd5 12. Bb2 Rb8 13. Qd2 Be6 14. Ne5 Qc7 15.
Nd3 cxd4 16. cxd4 Nb6 17. Bc3 Rfd8 18. Nc5 Bc4 19. Rfd1 e5 20. e3 Qe7 21. Qc2
exd4 22. Bxd4 Bxd4 23. exd4 Bd5 24. Bxd5 cxd5 25. Nd3 Nc4 1/2-1/2

[Event "Xtracon Chess Open 2017"]
[Site "Helsingor DEN"]
[Date "2017.07.23"]
[Round "3.90"]
[White "Gula, Julian"]
[Black "Lahlum, Hans Olav"]
[Result "1/2-1/2"]
[WhiteElo "1869"]
[BlackElo "2131"]
[WhiteFideId "12954799"]
[BlackFideId "1501348"]
[EventDate "2017.07.22"]

1. d4 d5 2. c4 e6 3. Nc3 c6 4. e4 dxe4 5. Nxe4 Bb4+ 6. Bd2 Qxd4 7. Bxb4 Qxe4+ 8.
Ne2 Na6 9. Bf8 Ne7 10. Bxg7 Nb4 11. Qd6 Nd3+ 12. Kd2 Nf5 13. Qxd3 Qxd3+ 14. Kxd3
Nxg7 15. Kc3 e5 16. f4 O-O 17. fxe5 Re8 18. Nd4 Rxe5 19. Bd3 Bg4 20. h3 Bh5 21.
Rae1 Rae8 22. Nc2 Bg6 23. Rxe5 Rxe5 24. Re1 Re6 25. Re2 Bxd3 26. Kxd3 Rd6+ 27.
Kc3 Ne6 28. a3 Kf8 29. h4 Nc5 30. Re3 Na4+ 31. Kb3 Nc5+ 32. Kc3 Na4+ 33. Kb3
Nc5+ 34. Kc3 1/2-1/2

[Event "Xtracon Chess Open 2017"]
[Site "Helsingor DEN"]
[Date "2017.07.23"]
[Round "3.91"]
[White "Storme, Isak"]
[Black "Larsen, Preben R."]
[Result "1-0"]
[WhiteElo "2129"]
[BlackElo "1860"]
[WhiteFideId "1728113"]
[BlackFideId "1425790"]
[EventDate "2017.07.22"]

1. e4 e5 2. Nf3 Nc6 3. Bb5 a6 4. Ba4 d6 5. O-O Nf6 6. Re1 Be7 7. c3 O-O 8. d4 b5
9. Bc2 exd4 10. cxd4 Bg4 11. Be3 Nb4 12. Bb3 c5 13. a3 Nc6 14. Nc3 Rc8 15. dxc5
dxc5 16. Nd5 Ne5 17. Bf4 Nxf3+ 18. gxf3 Be6 19. Nxe7+ Qxe7 20. Bd6 Bxb3 21. Bxe7
Bxd1 22. Bxf8 Bxf3 23. Be7 Ng4 24. Rac1 c4 25. h3 Rc6 26. Rc3 Ne5 27. Ree3 Re6
28. Bh4 f6 29. Bg3 Bxe4 30. Rxe4 Nf3+ 31. Rxf3 Rxe4 32. Re3 Rd4 33. Re2 Rd3 34.
Kg2 Kf7 35. Bc7 Rd7 36. Ba5 Rd6 37. Bb4 Rc6 38. Re7+ Kg6 39. Rd7 Re6 40. Rd6 Re2
41. Bc3 Rc2 1-0

[Event "Xtracon Chess Open 2017"]
[Site "Helsingor DEN"]
[Date "2017.07.23"]
[Round "3.92"]
[White "Nielsen, Aage Sondergaard"]
[Black "Celander, Jesper"]
[Result "1/2-1/2"]
[WhiteElo "1861"]
[BlackElo "2127"]
[WhiteFideId "1409859"]
[BlackFideId "1705342"]
[EventDate "2017.07.22"]

1. e4 Nc6 2. f4 e5 3. Nf3 d6 4. d4 Bg4 5. Bb5 exd4 6. O-O Ne7 7. Qxd4 a6 8.
Bxc6+ Nxc6 9. Qd3 Be7 10. Bd2 O-O 11. Bc3 f5 12. Nbd2 fxe4 13. Qxe4 d5 14. Qe3
Qd6 15. Nd4 Nxd4 16. Bxd4 Bf5 17. Nf3 Rae8 18. Be5 Qd7 19. Kh1 Bf6 20. Qb3 c6
21. Rae1 Qf7 22. Bd6 Rxe1 23. Rxe1 Rd8 24. Bc5 Rc8 25. Qe3 Be4 26. Rf1 Rc7 27.
Kg1 Qg6 28. Rf2 Qf5 29. h3 h5 30. Nd4 Qg6 31. Nf3 Qf7 32. Bd4 Qg6 33. Bxf6 gxf6
34. Nh4 Qh6 35. Qg3+ Rg7 36. Qe3 f5 37. Nf3 Qf6 1/2-1/2

[Event "Xtracon Chess Open 2017"]
[Site "Helsingor DEN"]
[Date "2017.07.23"]
[Round "3.93"]
[White "Skjoldager, Per"]
[Black "Kalveus, Jan"]
[Result "1/2-1/2"]
[WhiteElo "2126"]
[BlackElo "1856"]
[WhiteFideId "1408828"]
[BlackFideId "1721682"]
[EventDate "2017.07.22"]

1. e4 e6 2. d4 d5 3. Nc3 Bb4 4. e5 c5 5. a3 cxd4 6. axb4 dxc3 7. bxc3 Qc7 8. Ne2
Ne7 9. f4 Nd7 10. Qd3 Nb6 11. Nd4 Bd7 12. Be2 O-O 13. O-O Rfc8 14. Bd2 Nc4 15.
Be1 a6 16. Qh3 Nf5 17. Bd3 h6 18. Nxf5 exf5 19. Rf3 Qb6+ 20. Bf2 Qe6 21. Be1 Nb2
22. Ra5 Nxd3 23. Rxd3 Bb5 24. Rd4 Rc6 25. Ra1 Rac8 26. Rad1 Bc4 27. R4d2 b6 28.
Qe3 Ba2 29. Rf2 Bc4 30. Kh1 a5 31. Ra1 axb4 32. cxb4 Bb5 33. c3 Rc4 34. Rfa2 Re4
35. Qf3 Qc6 36. h3 Qc4 37. Rf2 d4 38. cxd4 Bc6 39. Qc3 Rxd4 40. Qxc4 Rxc4 41.
Bd2 Bb5 42. Kh2 Re4 43. Re1 Rxe1 44. Bxe1 Bc4 45. Rd2 Kf8 46. Bf2 b5 47. Rd7 Ke8
48. Rb7 Rd8 49. Bh4 Rc8 50. e6 fxe6 51. Rxg7 Kf8 52. Bf6 Bd5 53. Rg3 Rc2 54.
Bg7+ Kf7 55. Bxh6 Rc4 56. Rg7+ Ke8 57. Rg8+ Kd7 58. Bf8 Rxf4 59. Bc5 Rc4 60. g3
Rc2+ 61. Kg1 Rg2+ 62. Kf1 f4 63. Rg7+ Kc8 64. Bf2 fxg3 65. Bxg3 Rb2 66. Bd6 Rb3
67. h4 Rh3 68. Be7 Kd7 69. Kf2 e5 70. Bg5+ Ke6 71. Rg6+ Kf5 72. Rb6 Bc4 73. Kg2
Rb3 74. Be7 Rb2+ 75. Kg3 Rb3+ 76. Kf2 Rb2+ 1/2-1/2

[Event "Xtracon Chess Open 2017"]
[Site "Helsingor DEN"]
[Date "2017.07.23"]
[Round "3.94"]
[White "Andersen, Daniel"]
[Black "Lien, Kjell Hakon"]
[Result "0-1"]
[WhiteTitle "FM"]
[WhiteElo "1856"]
[BlackElo "2120"]
[WhiteFideId "1402714"]
[BlackFideId "1510444"]
[EventDate "2017.07.22"]

1. c4 g6 2. e4 Bg7 3. d4 d6 4. Nc3 Nc6 5. Be3 e5 6. Nge2 Nf6 7. f3 O-O 8. Qd2
Nd7 9. g4 exd4 10. Nxd4 Nde5 11. Be2 Qh4+ 12. Bf2 Qh3 13. Nxc6 bxc6 14. O-O-O
Nxf3 15. Bxf3 Qxf3 16. g5 Bxc3 17. bxc3 Qxe4 18. Bd4 Bf5 19. Kb2 c5 20. Bf6
Rab8+ 21. Ka1 Rb6 22. Qd5 Qc2 0-1

[Event "Xtracon Chess Open 2017"]
[Site "Helsingor DEN"]
[Date "2017.07.23"]
[Round "3.95"]
[White "Kvamme, John A"]
[Black "Fossan, Benjamin"]
[Result "1/2-1/2"]
[WhiteElo "2116"]
[BlackElo "1855"]
[WhiteFideId "1500562"]
[BlackFideId "1518100"]
[EventDate "2017.07.22"]

1. d4 Nf6 2. g3 g6 3. Bg2 d5 4. Nf3 Bg7 5. c4 c5 6. cxd5 cxd4 7. Nxd4 Nxd5 8.
O-O O-O 9. Nb5 a6 10. Qxd5 Qxd5 11. Bxd5 axb5 12. Nc3 b4 13. Ne4 Nc6 14. Bg5
Bxb2 15. Rab1 Bg7 16. Bxc6 bxc6 17. Bxe7 Re8 18. Nf6+ Bxf6 19. Bxf6 Rxa2 20.
Rxb4 Raxe2 21. Rb8 Bg4 22. Rxe8+ Rxe8 23. Kg2 c5 24. h3 Be6 25. Rd1 c4 26. Rd8
Rxd8 27. Bxd8 c3 28. Bg5 Kg7 29. h4 c2 30. Bc1 h5 31. f4 Kf6 32. Kf2 Kf5 33. Ke3
Kg4 34. Kf2 Bd7 35. Bd2 Kf5 36. Ke3 Kf6 37. Bc1 Bg4 38. Bd2 Ke6 39. Kd4 Kd6 40.
Be3 Be6 41. Bd2 Kc6 42. Kc3 Kd5 43. Kxc2 Ke4 44. f5 Kxf5 45. Kd3 Kg4 46. Bf4 g5
47. Bxg5 Kxg3 48. Bf6 Kf4 49. Ke2 Kf5 50. Be7 Ke5 51. Kf2 f5 52. Bd8 f4 53. Be7
Kf5 54. Bd8 Kg4 55. Be7 Bd5 1/2-1/2

[Event "Xtracon Chess Open 2017"]
[Site "Helsingor DEN"]
[Date "2017.07.23"]
[Round "3.96"]
[White "Andersen, Dag"]
[Black "Aroven, Mikael"]
[Result "0-1"]
[WhiteElo "1855"]
[BlackElo "2114"]
[WhiteFideId "1504568"]
[BlackFideId "1709534"]
[EventDate "2017.07.22"]

1. d4 d6 2. e4 g6 3. Nc3 Bg7 4. Nf3 Nd7 5. Be3 c6 6. Bd3 Qc7 7. Qd2 b5 8. a3 a6
9. O-O Bb7 10. Ne2 c5 11. c3 Ngf6 12. Ng3 Ng4 13. Rad1 Nxe3 14. Qxe3 O-O 15. Bb1
Rac8 16. Ne1 Nb6 17. f4 Nc4 18. Qf2 cxd4 19. cxd4 e5 20. f5 exd4 21. f6 Bh6 22.
Nf5 gxf5 23. Qh4 Be3+ 24. Kh1 Kh8 25. Rxf5 Qc5 26. Rxc5 Rxc5 27. e5 h6 28. Rxd4
Bg5 29. Qf2 Rxe5 30. Nf3 Bxf3 31. gxf3 Bxf6 32. Rg4 Rg8 33. Rxg8+ Kxg8 34. f4
Re8 35. Qg3+ Kf8 36. Qd3 Bxb2 37. h4 Re3 38. Qf5 Bxa3 39. Qc8+ Re8 40. Qf5 Bb2
41. Be4 Ne3 42. Qh7 Bg7 43. Bf3 b4 44. Qd3 d5 45. Bxd5 Nxd5 46. Qxd5 Kg8 47. Qc6
Re6 48. Qc8+ Bf8 49. Qc2 Rg6 50. h5 Rg7 51. Kh2 a5 52. Kh3 Rg1 53. Qf2 Rh1+ 54.
Kg4 Be7 55. Qf3 Ra1 56. Kf5 Bf8 57. Qg4+ Bg7 58. Qe2 Rg1 59. Qe8+ Bf8 60. Kf6
Rg7 61. Qb5 Rg3 62. Qxa5 Bg7+ 63. Kf5 b3 64. Qe1 Rg2 65. Qe8+ Kh7 0-1

[Event "Xtracon Chess Open 2017"]
[Site "Helsingor DEN"]
[Date "2017.07.23"]
[Round "3.97"]
[White "Johansen, Oivind"]
[Black "Jarve, Edvin"]
[Result "1-0"]
[WhiteTitle "FM"]
[WhiteElo "2108"]
[BlackElo "1843"]
[WhiteFideId "1501119"]
[BlackFideId "1519824"]
[EventDate "2017.07.22"]

1. d4 Nf6 2. c4 e6 3. Nc3 Bb4 4. e3 O-O 5. Bd3 c5 6. Nf3 d5 7. O-O dxc4 8. Bxc4
cxd4 9. exd4 b6 10. Qe2 Bb7 11. Bg5 Nbd7 12. Rac1 Rc8 13. Ne5 Qe7 14. Bb5 Qd6
15. Rfd1 Bxc3 16. bxc3 Nb8 17. Bd3 Nbd7 18. Nxd7 Nxd7 19. Qh5 f5 20. Qe2 Nf6 21.
Re1 Rce8 22. Qe5 Qxe5 23. Rxe5 Ne4 24. Be3 Nd6 25. Bd2 Ne4 26. Be1 Kf7 27. Bc4
Kf6 28. f3 Nd6 29. Bb3 Nf7 30. Re2 e5 31. Bxf7 Rxf7 32. Bh4+ g5 33. dxe5+ Rxe5
34. Bxg5+ Ke6 35. Rxe5+ Kxe5 36. Be3 Kd5 37. c4+ Ke6 38. c5 Rc7 39. Re1 1-0

[Event "Xtracon Chess Open 2017"]
[Site "Helsingor DEN"]
[Date "2017.07.23"]
[Round "3.98"]
[White "Wecker, Martin"]
[Black "Lodahl, Holger Ronnow"]
[Result "1-0"]
[WhiteElo "2095"]
[BlackElo "1838"]
[WhiteFideId "12931462"]
[BlackFideId "1427342"]
[EventDate "2017.07.22"]

1. Nf3 d5 2. c4 e6 3. g3 Nf6 4. Bg2 Be7 5. O-O O-O 6. d4 c5 7. cxd5 exd5 8. Nc3
Nc6 9. dxc5 d4 10. Na4 b5 11. cxb6 axb6 12. Nxd4 Nxd4 13. Bxa8 Ba6 14. Bf3 Nxf3+
15. exf3 Bxf1 16. Qxf1 Nd5 17. Nc3 Nxc3 18. bxc3 Bf6 19. Ba3 Re8 20. Bb4 Qa8 21.
Qd3 Qa4 22. a3 Rd8 23. Qe3 Qc6 24. Re1 Rc8 25. Qe4 Qd7 26. c4 g6 27. Kg2 h5 28.
h4 Kg7 29. Rc1 Re8 30. Qd5 Rd8 31. Qxd7 Rxd7 32. c5 bxc5 33. Rxc5 Ra7 34. Rc6
Ra4 35. f4 Bb2 36. Bc3+ Bxc3 37. Rxc3 Rd4 38. Kf3 Rd2 39. Ke3 Ra2 40. Kd4 Rxf2
41. Kc5 Ra2 42. Kb4 Rb2+ 43. Rb3 Rd2 44. a4 Rd4+ 45. Kb5 Rd5+ 46. Kc6 Ra5 47.
Ra3 Kf6 48. Kb6 Ra8 49. a5 Kf5 50. a6 Kg4 51. a7 Re8 52. Kc6 f6 53. a8=Q Rxa8
54. Rxa8 Kxg3 55. Rg8 Kxf4 56. Rxg6 Kf5 57. Rg8 Ke5 58. Rh8 1-0

[Event "Xtracon Chess Open 2017"]
[Site "Helsingor DEN"]
[Date "2017.07.23"]
[Round "3.99"]
[White "Trost, Martin"]
[Black "Nielsen, Andre"]
[Result "0-1"]
[WhiteElo "1844"]
[BlackElo "2094"]
[WhiteFideId "1710737"]
[BlackFideId "1518240"]
[EventDate "2017.07.22"]

1. e4 c5 2. b3 Nc6 3. Bb2 e6 4. Nf3 d5 5. Bb5 Nf6 6. exd5 exd5 7. d4 Qa5+ 8. Nc3
cxd4 9. Qxd4 Bd7 10. Bxc6 bxc6 11. O-O O-O-O 12. Ne5 Be8 13. a4 Bd6 14. Rfe1 Qc7
15. Nf3 Bd7 16. b4 Qb6 17. Qxb6 axb6 18. b5 c5 19. Ne5 Be8 20. h3 d4 21. Nb1 Nd5
22. Nd2 Nb4 23. Rac1 f6 24. Nd3 Nxd3 25. cxd3 Bf4 26. Rc2 Bg6 27. Ne4 Rhe8 28.
Rce2 Kb7 29. Kf1 c4 30. dxc4 d3 0-1

[Event "Xtracon Chess Open 2017"]
[Site "Helsingor DEN"]
[Date "2017.07.23"]
[Round "3.100"]
[White "Eriksson, Kristian"]
[Black "Hansen, Simon L."]
[Result "1-0"]
[WhiteElo "2093"]
[BlackElo "1819"]
[WhiteFideId "1705172"]
[BlackFideId "1446894"]
[EventDate "2017.07.22"]

1. e4 c5 2. Nc3 Nc6 3. Bb5 e6 4. Bxc6 bxc6 5. d3 d5 6. Nf3 Qc7 7. O-O Ne7 8. Re1
d4 9. Na4 Ng6 10. b3 Bd6 11. Ba3 e5 12. Bxc5 O-O 13. Bxd6 Qxd6 14. Nb2 Be6 15.
Nc4 Bxc4 16. dxc4 f5 17. Kh1 Rf6 18. Nd2 Nf4 19. g3 Nh3 20. Kg2 Ng5 21. h4 Ne6
22. exf5 Rxf5 23. Ne4 Qc7 24. Re2 g5 25. hxg5 Nxg5 26. Nxg5 Rxg5 27. Re4 Rf8 28.
Rg4 Qg7 29. Rxg5 Qxg5 30. Qe2 Rf5 31. Rh1 h5 32. Rh4 Kf8 33. b4 Kf7 34. b5 Qf6
35. Rxh5 1-0

[Event "Xtracon Chess Open 2017"]
[Site "Helsingor DEN"]
[Date "2017.07.23"]
[Round "3.101"]
[White "Rasmussen, Morten1"]
[Black "Madsen, Michael B."]
[Result "0-1"]
[WhiteElo "1838"]
[BlackElo "2092"]
[WhiteFideId "1410865"]
[BlackFideId "1413031"]
[EventDate "2017.07.22"]

1. d4 Nf6 2. c4 e6 3. g3 c5 4. d5 exd5 5. cxd5 b5 6. Bg2 d6 7. e4 Nbd7 8. Qc2 g6
9. Nf3 Bg7 10. O-O O-O 11. a4 b4 12. Bf4 Qe7 13. Re1 Nh5 14. Be3 Rb8 15. Nfd2
Ne5 16. f3 Ba6 17. Bf1 b3 18. Qd1 Bxf1 19. Nxf1 Nc4 20. Nbd2 Nxb2 21. Qb1 c4 22.
g4 Nd3 23. gxh5 Nxe1 24. Qxe1 b2 25. Ra2 c3 26. Nb1 c2 27. Na3 b1=Q 0-1